00577nam a22002177a 4500003000500000005001700005008004100022010001000063011001000073035001000083040000900093082001500102100001900117245002400136260002700160300001100187490006000198650001900258700002200277830006000299CHAP20220329141757.0971013s1974 r 00010 d a73658 a74630 a84189 cCHAP a519.2bH3700aHarding, E. F. aStochastic geometry aLondon :bWiley,c1974 a400 p. aWiley series in probability and mathematical statistics14aEstocástica.0 aKendall, David G.0 aWiley series in probability and mathematical statistics